Responses for Show #1411 - Monday, October 22, 1990

Sara Cox game 4.
Game entered from audiorecording.

Contestants

[<< previous game]

Karen Shamban, a business planner from Milton, Vermont

Debbie Reinhardt, a college teacher originally from Cleveland, Ohio

Sara Cox, a teacher from Bangor, Maine (whose 3-day cash winnings total $50,200)

[next game >>]

Jeopardy! Round responses

"DOUBLE" TROUBLE
WORLD WAR II
BREAKFAST CEREALS
PLANTS & TREES
MYTHOLOGY
FIRST AID
    $100 5
double cross

Karen
    $100 1
(Debbie: What is December 6, 1941?)

December 7, 1941

SaraDebbie
    $100 6
Wheaties

Debbie
    $100 25
peat

Karen
    $100 17
Oedipus

Sara
    $100 15
a tourniquet

Karen
    $200 11
007

Karen
    $200 2
the Philippines

Debbie
    $200 7
Rice Krispies

Debbie
    $200 27
fruits

Debbie
    $200 19
the Muses

Karen
    $200 16
perspire

Debbie
    $300 12
double fault

Debbie
    $300 3
the Missouri

Triple Stumper
    $300 8
Grrrreat!

Sara
    $300 28
chlorophyll

Sara
    $300 22
Poseidon

Debbie
    $300 20
the Heimlich maneuver

Karen
    $400 13
the double eagle

Debbie
    $400 4
(Debbie: What is, uh, Leningrad?)

Stalingrad

Debbie
Triple Stumper
    $400 9
The Flintstones

Debbie
    $400 29
Spanish moss

Debbie
    $400 23
(Karen: Who is Odin?)

Thor

SaraKaren
    $400 21
(Debbie: What is third degree?)
(Karen: What is first degree?)

second degree burns

SaraDebbieKaren
    $500 14
double entendre

Karen
    $500 18
the Channel Islands

Sara
    $500 10
Sugar Bear

Debbie
    $1,000 30
(Debbie: Uh... what is the tea rose?)

the American Beauty

Debbie
    $500 24
(Debbie: What is Athena?)
(Sara: Who is Diana?)
(Karen: Who is Hera?)
...
(Alex: We've got a minute to go.)

Minerva

SaraDebbieKaren
Triple Stumper
    $500 26
insulin shock

Sara

Scores at the first commercial break (after clue 16):

Sara Debbie Karen
$400 $1,800 $900

Scores at the end of the Jeopardy! Round:

Sara Debbie Karen
$2,100 $800 $200

Double Jeopardy! Round responses

AMERICAN LITERATURE
ARTISTS
SWITZERLAND
WORLD LEADERS
ACTORS & THEIR ROLES
FEMALE FIRSTS
    $200 11
Boston

Sara
    $200 26
Picasso

Karen
    $200 21
the Alps

Debbie
    $200 2
China

Sara
    $200 1
Michael J. Fox

Debbie
    $200 16
Ben Franklin

Karen
    $400 12
(Sara: What is Tobacco Road?)

God's Little Acre

Sara
Triple Stumper
    $400 27
Russia

Sara
    $400 22
(Sara: Who is Caesar?)
(Alex: Be more specific.)

Julius Caesar

Sara
    $400 3
Indochina

Sara
    $400 6
Rex Harrison

Sara
    $400 17
Mt. Everest

Debbie
    $600 13
Africa

Sara
    $600 28
[The end-of-rounds signal sounds.]

Botticelli

Karen
    $600 23
cantons

Debbie
    $600 4
Thailand

Sara
    $600 7
Bonnie and Clyde

Debbie
    $600 18
Janet Guthrie

Karen
    $800 14
(Henry) James

Sara
    $2,000 24
(Alex: We have a minute to go.)

the Rhine

Debbie
    $800 5
Liberia

Karen
    $800 8
Brideshead Revisited

Sara
    $800 19
(Debbie: Who is Susan B. Anthony?)
(Sara: Who is Stanton?)

Victoria Woodhull

SaraDebbie
Triple Stumper
    $1000 15
(Willa) Cather

Sara
    $1000 25
St. Moritz

Debbie
    $1000 10
(Sara: Who is Lumumba?)
...
(Alex: It was not Patrice Lumumba; it was [*].)

Moïse Tshombe

Sara
Triple Stumper
    $1000 9
Richard Chamberlain

Sara
    $1000 20
(Frances) Perkins

Sara

Scores at the end of the Double Jeopardy! Round:

Sara Debbie Karen
$7,700 $5,000 $2,600

[wagering suggestions for these scores]

Final Jeopardy! Round responses

FAMOUS NAMES
[Although Alex read "now" before "known", the clue as written may have omitted the word "now".]
(Alex: [Before revealing the responses] Former Lady Elizabeth Bowes-Lyon turned 90 in August, earlier this year.)
...
(Alex: [To Karen] I'm assuming you are referring to the current Duchess of York because the former Lady Elizabeth Bowes-Lyon was in fact the Duchess of York many, many years ago, but that's an incorrect response for our purposes.)
KarenWhat is the Duchess of York?
$2,600
DebbieWhat is the Duchess of York?
$5,000
SaraWhat is the Queen Mother?
$2,301
the Queen Mother (Queen Mum)

Final scores:

Sara Debbie Karen
$10,001 $0 $0
4-day champion: $60,201 2nd place: trip on Delta to New Orleans & stay at Maison Dupuy + The Jeopardy! Book 3rd place: Smith Corona PWP 7000 laptop word processor + Nintendo Entertainment System with Family, Junior & Special editions of Jeopardy! & Wheel of Fortune + The Jeopardy! Book

Game dynamics:

Coryat scores:

Sara Debbie Karen
$7,700 $4,800 $2,600
21 R,
4 W
18 R
(including 1 DD),
6 W
(including 1 DD)
12 R,
3 W

Combined Coryat: $15,100

[game clues] [game scores] [suggest correction]

Game tape date: 1990-08-28
The J! Archive is created by fans, for fans. Scraping, republication, monetization, and malicious use prohibited; this site may use cookies and collect identifying information. See terms. The Jeopardy! game show and all elements thereof, including but not limited to copyright and trademark thereto, are the property of Jeopardy Productions, Inc. and are protected under law. This website is not affiliated with, sponsored by, or operated by Jeopardy Productions, Inc. Join the discussion at JBoard.tv.